[Event "WYCC 2018 O16"]
[Site "Halkidiki"]
[Date "2018.10.27"]
[Round "8"]
[White "Petriashvili, Nikoloz"]
[Black "Abdisalimov, Abdimalik"]
[Result "0-1"]
[WhiteElo "2343"]
[BlackElo "2368"]
[Annotator "NA"]
[PlyCount "110"]
[EventDate "2018.10.20"]
[EventType "swiss"]
[EventCountry "GRE"]
[SourceTitle "playchess.com"]
[Source "ChessBase"]
[SourceQuality "1"]
[TimeControl "40/5400+30:1800+30"]

1. d4 {[%emt 0:00:00]} Nf6 {[%emt 0:00:00]} 2. Nf3 {[%emt 0:00:33]} e6 {[%emt 0:00:05]} 3. g3 {[%emt 0:00:04]} b5 {[%emt 0:04:17]} 4. Bg5 {[%emt 0:07:27]} Bb7 {[%emt 0:00:40]} 5. Nbd2 {[%emt 0:01:38]} d5 {[%emt 0:11:52]} 6. e3 $14 {[%emt 0:00:16] LiveBook: 4 Games} b4 {[%emt 0:03:26]} 7. c3 {[%emt 0:07:09]} a5 {[%emt 0:13:19]} 8. a3 {[%emt 0:04:03]} Nbd7 {[%emt 0:07:51]} 9. axb4 {[%emt 0:11:46]} axb4 {[%emt 0:00:06]} 10. Nb3 {[%emt 0:02:50]} bxc3 {[%emt 0:06:57]} 11. bxc3 {[%emt 0:00:05]} Ba3 {[%emt 0:03:11]} 12. Rb1 {[%emt 0:05:40]} Qc8 {[%emt 0:01:48]} 13. Bxf6 {[%emt 0:00:42]} Nxf6 {[%emt 0:01:22]} 14. Ne5 {[%emt 0:01:06]} O-O {[%emt 0:03:52]} 15. Nd3 {[%emt 0:01:52]} Ne4 {[%emt 0:02:06]} 16. Qc2 {[%emt 0:00:11]} Ba6 {[%emt 0:02:20]} 17. Nd2 {[%emt 0:13:39]} Nd6 {[%emt 0:04:34]} 18. Ra1 {[%emt 0:02:43]} Bb5 {[%emt 0:07:47]} 19. Ne5 {[%emt 0:09:48]} c5 {[%emt 0:07:41]} 20. Nb1 {[%emt 0:07:59]} Ba4 {[%emt 0:03:49]} 21. Qe2 {[%emt 0:01:08]} cxd4 {[%emt 0:08:38]} 22. Rxa3 {[%emt 0:00:18]} Nb5 {[%emt 0:00:38]} 23. Rxa4 {[%emt 0:02:47]} Rxa4 {[%emt 0:00:00]} 24. Qxb5 {[%emt 0:04:06]} dxc3 {[%emt 0:00:00]} 25. Bd3 {[%emt 0:10:06]} c2 {[%emt 0:00:00]} 26. Bxc2 {[%emt 0:00:13]} Qxc2 {[%emt 0:00:00]} 27. O-O {[%emt 0:00:04]} Ra2 {[%emt 0:00:00]} 28. Qb4 {[%emt 0:02:35]} Rb2 {[%emt 0:02:07]} 29. Na3 {[%emt 0:00:05]} Qxf2+ {[%emt 0:01:25]} 30. Rxf2 {[%emt 0:00:01]} Rxb4 {[%emt 0:00:00]} 31. Nc2 {[%emt 0:00:28]} Re4 {[%emt 0:00:25]} 32. Nc6 {[%emt 0:01:31]} f6 {[%emt 0:00:35]} 33. Kg2 {[%emt 0:00:16]} Kf7 {[%emt 0:02:09]} 34. N6d4 {[%emt 0:00:54]} Rc8 {[%emt 0:00:34]} 35. Rd2 {[%emt 0:00:05]} e5 {[%emt 0:02:01]} 36. Ne2 {[%emt 0:01:36]} Ke6 {[%emt 0:00:21]} 37. Kf2 {[%emt 0:00:02]} h5 {[%emt 0:00:34]} 38. Ne1 {[%emt 0:00:05]} h4 {[%emt 0:00:40]} 39. Ra2 {[%emt 0:00:14]} Rc6 {[%emt 0:01:23]} 40. Ra7 {[%emt 0:00:00]} g5 {[%emt 0:00:00]} 41. Ra2 {[%emt 0:02:17]} h3 {[%emt 0:02:47]} 42. Ra8 {[%emt 0:01:42]} g4 {[%emt 0:01:27]} 43. Rb8 {[%emt 0:00:34]} Rec4 {[%emt 0:01:06]} 44. Nd3 {[%emt 0:00:02]} Kf5 {[%emt 0:01:03]} 45. Ke1 {[%emt 0:00:12]} Ke4 {[%emt 0:01:34]} 46. Nf2+ {[%emt 0:00:56]} Kf3 {[%emt 0:04:14]} 47. e4 {[%emt 0:05:10]} d4 {[%emt 0:20:07]} 48. Rb3+ {[%emt 0:01:22]} Kg2 {[%emt 0:00:01]} 49. Nxg4 {[%emt 0:00:47]} Rc2 {[%emt 0:00:19]} 50. Ra3 {[%emt 0:09:41]} Rb2 {[%emt 0:02:05]} 51. Kd1 {[%emt 0:00:05]} Rcc2 {[%emt 0:01:18]} 52. Nc1 {[%emt 0:00:01]} Rc3 {[%emt 0:00:27]} 53. Rxc3 {[%emt 0:01:49]} dxc3 {[%emt 0:00:01]} 54. Ke1 {[%emt 0:00:01]} Kf3 {[%emt 0:00:27]} 55. Nxf6 {[%emt 0:00:15]} Rxh2 0-1

[Event "WYCC 2018 O16"]
[Site "Halkidiki"]
[Date "2018.10.27"]
[Round "8"]
[White "Olsen, Filip Boe"]
[Black "Semjonovs, Ilja"]
[Result "1/2-1/2"]
[WhiteElo "2335"]
[BlackElo "2245"]
[Annotator "NA"]
[PlyCount "117"]
[EventDate "2018.10.20"]
[EventType "swiss"]
[EventCountry "GRE"]
[SourceTitle "playchess.com"]
[Source "ChessBase"]
[SourceQuality "1"]
[TimeControl "40/5400+30:1800+30"]

1. d4 {[%emt 0:00:00]} Nf6 {[%emt 0:00:00]} 2. c4 {[%emt 0:00:00]} c5 {[%emt 0:00:05]} 3. d5 {[%emt 0:00:00]} b5 {[%emt 0:00:06]} 4. cxb5 {[%emt 0:00:00]} a6 {[%emt 0:00:06]} 5. e3 {[%emt 0:00:03]} axb5 {[%emt 0:04:14]} 6. Bxb5 {[%emt 0:00:16]} Ba6 {[%emt 0:00:40]} 7. Bxa6 {[%emt 0:00:11]} Rxa6 {[%emt 0:00:46]} 8. Nc3 {[%emt 0:00:23]} g6 {[%emt 0:01:16]} 9. Nf3 {[%emt 0:00:44]} Bg7 {[%emt 0:00:35]} 10. O-O {[%emt 0:00:20]} O-O {[%emt 0:00:28]} 11. e4 {[%emt 0:01:38]} d6 {[%emt 0:01:40]} 12. Qe2 {[%emt 0:03:02]} Qb6 {[%emt 0:10:42]} 13. e5 {[%emt 0:09:36]} dxe5 14. Nxe5 {[%emt 0:00:37]} e6 {[%emt 0:22:05]} 15. Nc4 {[%emt 0:07:08]} Qa7 {[%emt 0:11:18]} 16. dxe6 {[%emt 0:11:49]} Rxe6 {[%emt 0:00:13]} 17. Qc2 {[%emt 0:02:00]} Nc6 {[%emt 0:07:28]} 18. Qa4 {[%emt 0:05:42]} Qc7 {[%emt 0:09:27]} 19. Na3 {[%emt 0:11:50]} Nd4 {[%emt 0:07:48]} 20. Nab5 {[%emt 0:02:49]} Qe5 {[%emt 0:01:27]} 21. h3 {[%emt 0:05:24]} Ne4 {[%emt 0:10:34]} 22. Be3 {[%emt 0:06:13]} Rb8 {[%emt 0:06:15]} 23. Rab1 {[%emt 0:13:12]} Nxb5 {[%emt 0:00:33]} 24. Nxb5 {[%emt 0:00:12]} Reb6 {[%emt 0:00:21]} 25. Na3 {[%emt 0:01:22]} Qe6 {[%emt 0:02:54]} 26. Bf4 {[%emt 0:04:59]} Rb4 {[%emt 0:00:46]} 27. Qa7 {[%emt 0:01:34]} Re8 {[%emt 0:01:05]} 28. b3 {[%emt 0:03:40]} Nc3 {[%emt 0:00:21]} 29. Be3 {[%emt 0:00:57]} Nxb1 {[%emt 0:00:27]} 30. Rxb1 {[%emt 0:01:07]} Rbb8 {[%emt 0:00:29]} 31. Qxc5 {[%emt 0:00:26]} Bf8 {[%emt 0:00:29]} 32. Qc1 {[%emt 0:00:08]} Qa6 {[%emt 0:00:35]} 33. Nc2 {[%emt 0:01:38]} Rec8 {[%emt 0:00:44]} 34. Qd1 {[%emt 0:01:47]} Qxa2 {[%emt 0:00:21]} 35. Nd4 {[%emt 0:00:21]} Rd8 {[%emt 0:00:38]} 36. Ra1 {[%emt 0:00:43]} Qb2 {[%emt 0:00:09]} 37. Qc1 {[%emt 0:01:16]} Qxc1+ {[%emt 0:00:39]} 38. Rxc1 {[%emt 0:00:02]} Rd7 {[%emt 0:00:43]} 39. Rc4 {[%emt 0:00:32]} Rb4 {[%emt 0:00:24]} 40. Rxb4 {[%emt 0:00:00]} Bxb4 {[%emt 0:00:00]} 41. Nc6 {[%emt 0:02:21]} Rd1+ {[%emt 0:01:28]} 42. Kh2 {[%emt 0:01:44]} Bd6+ {[%emt 0:00:05]} 43. g3 {[%emt 0:00:15]} Rb1 {[%emt 0:00:05]} 44. b4 {[%emt 0:00:45]} Bxb4 {[%emt 0:01:20]} 45. Nxb4 {[%emt 0:00:22]} Rxb4 {[%emt 0:00:06]} 46. Bh6 {[%emt 0:01:46]} f6 {[%emt 0:00:54]} 47. h4 {[%emt 0:00:54]} Kf7 {[%emt 0:00:53]} 48. Be3 {[%emt 0:00:12]} Ke6 {[%emt 0:01:38]} 49. Kg2 {[%emt 0:00:13]} Kf5 {[%emt 0:01:05]} 50. Kf3 {[%emt 0:00:23]} h5 {[%emt 0:01:00]} 51. Bc5 {[%emt 0:00:33]} Rc4 {[%emt 0:01:48]} 52. Ba7 {[%emt 0:00:24]} Rc3+ {[%emt 0:00:55]} 53. Kg2 {[%emt 0:00:37]} Kg4 {[%emt 0:02:25]} 54. Bd4 {[%emt 0:01:07]} Rf3 {[%emt 0:01:01]} 55. Be3 {[%emt 0:00:13]} Rf5 {[%emt 0:02:10]} 56. Bd4 {[%emt 0:00:24]} Rf3 {[%emt 0:00:04]} 57. Be3 {[%emt 0:00:04]} f5 {[%emt 0:00:32]} 58. Bg5 {[%emt 0:00:46]} f4 {[%emt 0:01:45]} 59. Bxf4 {[%emt 0:00:42]} 1/2-1/2

[Event "WYCC 2018 O16"]
[Site "Halkidiki"]
[Date "2018.10.27"]
[Round "8"]
[White "Szpar, Milosz"]
[Black "Thilakarathne, G M H"]
[Result "1/2-1/2"]
[WhiteElo "2328"]
[BlackElo "2268"]
[Annotator "NA"]
[PlyCount "48"]
[EventDate "2018.10.20"]
[EventType "swiss"]
[EventCountry "GRE"]
[SourceTitle "playchess.com"]
[Source "ChessBase"]
[SourceQuality "1"]
[TimeControl "40/5400+30:1800+30"]

1. e4 {[%emt 0:00:00]} c5 {[%emt 0:00:00]} 2. Nf3 {[%emt 0:00:00]} e6 {[%emt 0:00:00]} 3. d4 {[%emt 0:00:00]} cxd4 {[%emt 0:00:00]} 4. Nxd4 {[%emt 0:00:00]} Nc6 {[%emt 0:00:00]} 5. Nc3 {[%emt 0:00:28]} Qc7 {[%emt 0:00:00]} 6. Be3 {[%emt 0:00:55]} a6 {[%emt 0:00:05]} 7. Be2 {[%emt 0:00:32]} Nf6 {[%emt 0:02:28]} 8. O-O {[%emt 0:00:35]} Be7 {[%emt 0:01:32]} 9. f4 {[%emt 0:03:09]} d6 {[%emt 0:00:46]} 10. Qe1 {[%emt 0:05:24]} O-O $11 {[%emt 0:09:05] LiveBook: 842 Games} 11. Qg3 {[%emt 0:09:13]} Nxd4 {[%emt 0:15:05]} 12. Bxd4 {[%emt 0:00:42]} b5 {[%emt 0:01:48]} 13. a3 {[%emt 0:04:09]} Bb7 {[%emt 0:02:28]} 14. Kh1 {[%emt 0:00:57]} Rad8 {[%emt 0:09:04]} 15. Bd3 {[%emt 0:11:17]} Bc6 {[%emt 0:16:57]} 16. Rae1 {[%emt 0:16:02]} Qb7 {[%emt 0:09:46]} 17. Qh3 {[%emt 0:05:19]} h6 {[%emt 0:02:45]} 18. Re3 {[%emt 0:04:12]} Kh8 {[%emt 0:15:55]} 19. Rg3 {[%emt 0:07:53]} b4 {[%emt 0:06:14]} 20. axb4 {[%emt 0:07:10]} Qxb4 {[%emt 0:00:08]} 21. Ne2 {[%emt 0:00:10]} Bb5 {[%emt 0:03:40]} 22. Bc3 {[%emt 0:08:08]} Qc5 {[%emt 0:00:31]} 23. e5 {[%emt 0:09:37]} dxe5 {[%emt 0:00:15]} 24. fxe5 {[%emt 0:00:24]} Nh7 {[%emt 0:00:59]} 1/2-1/2

[Event "WYCC 2018 O16"]
[Site "Halkidiki"]
[Date "2018.10.27"]
[Round "8"]
[White "Zhalmakhanov, Ramazan"]
[Black "Zarubitski, Viachaslau"]
[Result "1/2-1/2"]
[WhiteElo "2316"]
[BlackElo "2417"]
[Annotator "TA"]
[PlyCount "80"]
[EventDate "2018.10.20"]
[EventType "swiss"]
[EventCountry "GRE"]
[SourceTitle "playchess.com"]
[Source "ChessBase"]
[SourceQuality "1"]

{[%evp 24,80,61,61,41,25,52,10,18,22,29,17,17,0,0,0,0,0,0,0,0,0,0,0,0,0,0,0,5,5,5,5,5,5,8,8,8,8,8,8,8,0,0,0,0,0,8,0,0,0,0,0,0,0,0,0,0,0,4]} 1. e4 e5 2. Nf3 Nc6 3. Bb5 {[%cal Bf1b5,Bb5a4,Ba4b3][%mdl 32]} a6 4. Ba4 Nf6 5. O-O b5 6. Bb3 Be7 7. d4 d6 8. dxe5 Nxe5 {C84: Spanische Partie (Mittelgambit)} 9. Nxe5 dxe5 10. Qxd8+ Bxd8 11. a4 Bb7 12. axb5 (12. f3 O-O 13. Be3 Be7 14. Nc3 b4 15. Nd1 Nd7 16. Bf2 {0-1 (66) Van Foreest,J (2636)-Antonio,V (2414) Vlissingen 2018}) 12... axb5 13. Rxa8 {LiveBook: 6 Partien} Bxa8 14. Nc3 b4 15. Nd5 (15. Ba4+ {with more complications.} Ke7 16. Na2 c5 17. Be3 Bb6 18. f3) 15... Nxd5 16. exd5 Be7 17. Be3 $146 ({Vorgänger:} 17. Re1 f6 18. f4 Bd6 19. fxe5 fxe5 20. Bf4 Kd8 {½-½ (20) Antonov,N (2400)-Van de Ploeg,G (2301) ICCF email 2014}) 17... Kd7 {Die Stellung ist ausgeglichen.} 18. Ra1 Bb7 19. Kf1 Ra8 20. Rxa8 Bxa8 $11 {[%mdl 4096] Endspiel KLL-KLL} 21. c4 bxc3 22. bxc3 Ba3 23. c4 Kd6 24. f4 {Droht c5+! und aus.} f6 25. fxe5+ fxe5 26. Bc2 h6 27. Be4 Bb7 28. Ke2 Ba6 29. Kd3 Bc5 {[#] ...Lxe3 ist eine echte Drohung.} 30. Bc1 Bc8 31. h3 Bd7 32. Bd2 Ba4 33. Ba5 Bb3 34. Kc3 Bd1 35. Bb4 Be2 36. Kb3 Bd1+ 37. Kc3 g5 38. Ba5 Be2 39. Kb3 Bd1+ 40. Kc3 Be2 {Precision: Weiß = 72%, Schwarz = 89%.} 1/2-1/2

[Event "WYCC 2018 O16"]
[Site "Halkidiki"]
[Date "2018.10.27"]
[Round "8"]
[White "Katopodis, Dimitrios"]
[Black "Lund, Gunnar"]
[Result "1-0"]
[WhiteElo "2310"]
[BlackElo "2227"]
[Annotator "NA"]
[PlyCount "93"]
[EventDate "2018.10.20"]
[EventType "swiss"]
[EventCountry "GRE"]
[SourceTitle "playchess.com"]
[Source "ChessBase"]
[SourceQuality "1"]
[TimeControl "40/5400+30:1800+30"]

1. d4 {[%emt 0:00:00]} g6 {[%emt 0:00:58]} 2. e4 {[%emt 0:00:18]} d6 {[%emt 0:00:18]} 3. Nf3 {[%emt 0:02:23]} Nf6 {[%emt 0:00:37]} 4. Bd3 {[%emt 0:01:04]} Bg7 {[%emt 0:00:30]} 5. h3 {[%emt 0:01:55]} O-O {[%emt 0:01:41]} 6. O-O {[%emt 0:01:26]} c6 {[%emt 0:05:14]} 7. Re1 {[%emt 0:03:25]} Qc7 {[%emt 0:02:35]} 8. e5 {[%emt 0:05:54]} dxe5 {[%emt 0:04:10]} 9. dxe5 {[%emt 0:02:29]} Nd5 {[%emt 0:00:29]} 10. a3 {[%emt 0:06:55]} Nd7 {[%emt 0:04:11]} 11. c4 {[%emt 0:05:34]} N5b6 {[%emt 0:00:24]} 12. Qe2 {[%emt 0:02:11]} Nc5 {[%emt 0:05:58]} 13. Bc2 {[%emt 0:00:38]} a5 {[%emt 0:00:19]} 14. Be3 {[%emt 0:03:27]} Nbd7 {[%emt 0:00:36]} 15. Nc3 {[%emt 0:04:53]} b6 {[%emt 0:04:25]} 16. Bf4 {[%emt 0:04:38]} a4 {[%emt 0:06:56]} 17. Rad1 {[%emt 0:02:35]} Ne6 {[%emt 0:00:50]} 18. Bc1 {[%emt 0:01:06]} Ndc5 {[%emt 0:00:23]} 19. Ne4 {[%emt 0:05:40]} Nxe4 {[%emt 0:02:39]} 20. Qxe4 {[%emt 0:00:36]} Bb7 {[%emt 0:01:27]} 21. Ng5 {[%emt 0:02:50]} Nxg5 {[%emt 0:13:53]} 22. Bxg5 {[%emt 0:00:11]} Bc8 {[%emt 0:00:54]} 23. Qe3 {[%emt 0:07:25]} Be6 {[%emt 0:02:30]} 24. c5 {[%emt 0:13:00]} b5 {[%emt 0:03:14]} 25. f4 {[%emt 0:01:05]} Bd5 {[%emt 0:00:50]} 26. f5 {[%emt 0:01:09]} f6 {[%emt 0:07:18]} 27. Bf4 {[%emt 0:03:08]} fxe5 {[%emt 0:05:21]} 28. Bxe5 {[%emt 0:00:24]} Bxe5 {[%emt 0:00:14]} 29. Qxe5 {[%emt 0:00:15]} Qxe5 {[%emt 0:00:43]} 30. Rxe5 {[%emt 0:00:06]} gxf5 {[%emt 0:01:06]} 31. Bxf5 {[%emt 0:02:13]} Rf6 {[%emt 0:00:09]} 32. Rde1 {[%emt 0:02:34]} Re8 {[%emt 0:02:01]} 33. Bd7 {[%emt 0:02:28]} Ref8 {[%emt 0:00:14]} 34. Rxe7 {[%emt 0:01:54]} Rf2 {[%emt 0:00:05]} 35. R7e2 {[%emt 0:01:23]} Rxe2 {[%emt 0:02:02]} 36. Rxe2 {[%emt 0:00:08]} Rd8 {[%emt 0:00:08]} 37. Re8+ {[%emt 0:05:27]} Rxe8 {[%emt 0:00:01]} 38. Bxe8 {[%emt 0:00:09]} Kg7 {[%emt 0:00:12]} 39. Kf2 {[%emt 0:01:05]} Kf6 {[%emt 0:00:01]} 40. g4 {[%emt 0:00:00]} Ke5 {[%emt 0:00:00]} 41. Ke3 {[%emt 0:05:34]} Bg2 {[%emt 0:00:55]} 42. h4 {[%emt 0:00:48]} Kd5 {[%emt 0:00:01]} 43. g5 {[%emt 0:02:29]} Kxc5 {[%emt 0:02:33]} 44. h5 {[%emt 0:00:38]} Bd5 {[%emt 0:01:27]} 45. g6 {[%emt 0:01:02]} hxg6 {[%emt 0:00:03]} 46. hxg6 {[%emt 0:00:53]} Be6 {[%emt 0:16:01]} 47. Bf7 {[%emt 0:00:20]} 1-0

[Event "WYCC 2018 O16"]
[Site "Halkidiki"]
[Date "2018.10.27"]
[Round "8"]
[White "Mis, Mieszko"]
[Black "Carlsson, Ludvig"]
[Result "0-1"]
[WhiteElo "2307"]
[BlackElo "2058"]
[Annotator "NA"]
[PlyCount "92"]
[EventDate "2018.10.20"]
[EventType "swiss"]
[EventCountry "GRE"]
[SourceTitle "playchess.com"]
[Source "ChessBase"]
[SourceQuality "1"]
[TimeControl "40/5400+30:1800+30"]

1. c4 {[%emt 0:00:00]} g6 {[%emt 0:00:08]} 2. d4 {[%emt 0:01:06]} Nf6 {[%emt 0:00:13]} 3. g3 {[%emt 0:00:20]} c5 {[%emt 0:00:18]} 4. d5 {[%emt 0:01:48]} d6 {[%emt 0:00:46]} 5. Bg2 {[%emt 0:03:33]} b5 {[%emt 0:01:08]} 6. cxb5 {[%emt 0:04:41]} a6 {[%emt 0:00:10]} 7. b6 {[%emt 0:03:34]} Qxb6 {[%emt 0:01:15]} 8. Nf3 {[%emt 0:02:18]} Bg7 {[%emt 0:01:51]} 9. O-O {[%emt 0:00:23]} a5 {[%emt 0:07:20]} 10. e4 {[%emt 0:07:47]} O-O {[%emt 0:03:23]} 11. e5 {[%emt 0:06:51]} Ng4 {[%emt 0:05:26]} 12. e6 {[%emt 0:11:06]} fxe6 {[%emt 0:10:07]} 13. Nc3 {[%emt 0:05:44]} e5 {[%emt 0:05:01]} 14. Ng5 {[%emt 0:05:09]} Nf6 {[%emt 0:00:51]} 15. h3 {[%emt 0:10:05]} h6 {[%emt 0:04:54]} 16. Nf3 {[%emt 0:00:58]} e4 {[%emt 0:05:49]} 17. Nd2 {[%emt 0:03:38]} e3 {[%emt 0:00:09]} 18. fxe3 {[%emt 0:00:08]} Ba6 {[%emt 0:00:15]} 19. Rf2 {[%emt 0:01:28]} Nbd7 {[%emt 0:06:26]} 20. Nf3 {[%emt 0:02:20]} Kh7 {[%emt 0:07:36]} 21. Qc2 {[%emt 0:02:35]} Rab8 {[%emt 0:02:18]} 22. Rb1 {[%emt 0:06:01]} Qb4 {[%emt 0:03:58]} 23. Bd2 {[%emt 0:02:07]} Qb7 {[%emt 0:02:33]} 24. e4 {[%emt 0:03:27]} Nh5 {[%emt 0:02:01]} 25. Kh2 {[%emt 0:10:06]} Ne5 {[%emt 0:03:08]} 26. g4 {[%emt 0:01:55]} Bd3 {[%emt 0:00:49]} 27. Qd1 {[%emt 0:01:39]} Bxb1 {[%emt 0:03:40]} 28. gxh5 {[%emt 0:00:20]} Qxb2 {[%emt 0:01:42]} 29. hxg6+ {[%emt 0:00:27]} Nxg6 {[%emt 0:01:32]} 30. Be1 {[%emt 0:01:07]} Qxf2 {[%emt 0:01:16]} 31. Bxf2 {[%emt 0:00:10]} Bxc3 {[%emt 0:00:06]} 32. Bg3 {[%emt 0:00:49]} Rb2 {[%emt 0:01:04]} 33. Kh1 {[%emt 0:01:11]} Rxg2 {[%emt 0:00:16]} 34. Kxg2 {[%emt 0:01:22]} Bxe4 {[%emt 0:00:05]} 35. Qa4 {[%emt 0:00:41]} Bxf3+ {[%emt 0:00:13]} 36. Kh2 {[%emt 0:00:11]} Bxd5 {[%emt 0:00:29]} 37. Qd7 {[%emt 0:00:25]} Rf7 {[%emt 0:01:25]} 38. h4 {[%emt 0:00:49]} Ne5 {[%emt 0:00:44]} 39. Qe8 {[%emt 0:00:17]} Bxa2 {[%emt 0:01:17]} 40. h5 {[%emt 0:00:00]} Bb3 {[%emt 0:00:00]} 41. Qa8 {[%emt 0:01:55]} Ng4+ {[%emt 0:06:56]} 42. Kh3 {[%emt 0:00:11]} Nf6 {[%emt 0:00:07]} 43. Qf3 {[%emt 0:01:08]} Be6+ {[%emt 0:00:09]} 44. Kh4 {[%emt 0:00:10]} Nd5 {[%emt 0:00:26]} 45. Qe4+ {[%emt 0:00:31]} Bf5 {[%emt 0:00:06]} 46. Qxd5 {[%emt 0:00:03]} Bf6# 0-1

[Event "WYCC 2018 O16"]
[Site "Halkidiki"]
[Date "2018.10.27"]
[Round "8"]
[White "Milosevic, Milos"]
[Black "Shubin, Kirill"]
[Result "1-0"]
[WhiteElo "2306"]
[BlackElo "2369"]
[Annotator "NA"]
[PlyCount "61"]
[EventDate "2018.10.20"]
[EventType "swiss"]
[EventCountry "GRE"]
[SourceTitle "playchess.com"]
[Source "ChessBase"]
[SourceQuality "1"]
[TimeControl "40/5400+30:1800+30"]

1. e4 {[%emt 0:00:00]} e6 {[%emt 0:00:00]} 2. d4 {[%emt 0:00:00]} d5 {[%emt 0:00:00]} 3. Nd2 {[%emt 0:00:00]} Nc6 {[%emt 0:00:00]} 4. c3 {[%emt 0:00:00]} Nf6 {[%emt 0:03:04]} 5. e5 {[%emt 0:00:24]} Nd7 {[%emt 0:00:04]} 6. Bd3 {[%emt 0:01:44]} Ne7 {[%emt 0:05:18]} 7. Ne2 {[%emt 0:02:10]} h5 {[%emt 0:03:39]} 8. Nf3 {[%emt 0:01:22]} c5 {[%emt 0:01:34]} 9. a3 {[%emt 0:02:15]} g6 {[%emt 0:06:08]} 10. Bg5 $16 {[%emt 0:01:21]} Qc7 {[%emt 0:05:23]} 11. b4 {[%emt 0:02:04]} b6 {[%emt 0:04:43]} 12. O-O {[%emt 0:01:28]} Bb7 {[%emt 0:05:21]} 13. Rb1 {[%emt 0:06:21]} Bg7 {[%emt 0:04:37]} 14. Qd2 {[%emt 0:01:54]} c4 {[%emt 0:06:43]} 15. Bc2 {[%emt 0:00:08]} Nf8 {[%emt 0:01:10]} 16. a4 {[%emt 0:01:45]} a6 {[%emt 0:03:19]} 17. Qf4 {[%emt 0:03:28]} Nh7 {[%emt 0:05:55]} 18. Bh4 {[%emt 0:03:46]} Ng8 {[%emt 0:11:55]} 19. Qg3 {[%emt 0:04:13]} Nf8 {[%emt 0:01:41]} 20. Nf4 {[%emt 0:01:26]} Qd7 {[%emt 0:04:21]} 21. Rfe1 {[%emt 0:02:16]} Bh6 {[%emt 0:02:21]} 22. Re2 {[%emt 0:10:45]} Ne7 {[%emt 0:02:57]} 23. Bf6 {[%emt 0:00:48]} Rg8 {[%emt 0:00:04]} 24. Qh4 {[%emt 0:14:30]} Bc6 {[%emt 0:01:55]} 25. a5 {[%emt 0:01:13]} bxa5 {[%emt 0:00:10]} 26. bxa5 {[%emt 0:00:15]} Bb5 {[%emt 0:00:02]} 27. Ng5 {[%emt 0:02:20]} Bg7 {[%emt 0:01:53]} 28. Qh3 {[%emt 0:07:23]} Nc6 {[%emt 0:03:21]} 29. Nxd5 {[%emt 0:08:39]} exd5 {[%emt 0:00:50]} 30. e6 {[%emt 0:00:03]} fxe6 {[%emt 0:00:59]} 31. Rxe6+ {[%emt 0:00:29]} 1-0

[Event "WYCC 2018 O16"]
[Site "Halkidiki"]
[Date "2018.10.27"]
[Round "8"]
[White "Bekturov, Tamerlan"]
[Black "Horvath, Dominik"]
[Result "1/2-1/2"]
[WhiteElo "2297"]
[BlackElo "2447"]
[Annotator "TA"]
[PlyCount "37"]
[EventDate "2018.10.20"]
[EventType "swiss"]
[EventCountry "GRE"]
[SourceTitle "playchess.com"]
[Source "ChessBase"]
[SourceQuality "1"]

{[%evp 24,37,-25,-16,23,27,45,45,35,30,40,50,50,0,0,-17]} 1. d4 Nf6 2. c4 e6 3. Nc3 Bb4 4. e3 O-O 5. Nge2 d5 6. a3 Bd6 7. c5 Be7 8. b4 b6 9. Nf4 a5 {E46: Nimzo-Indian: Rubinstein: 4 e3 0-0 5 Ne2 without early Bd3} 10. Bd2 (10. Bb2 axb4 11. axb4 Rxa1 12. Bxa1 Nc6 13. b5 Nxd4 14. exd4 bxc5 15. dxc5 Bxc5 16. Bd3 d4 17. Ne4 {½-½ (44) Navara,D (2735)-Cheparinov,I (2681) Jerusalem 2015}) 10... c6 11. Na4 Nbd7 12. cxb6 axb4 13. Bxb4 {LiveBook: 3 Games} Bxb4+ 14. axb4 {[#]} Ba6 $146 ({Predecessor:} 14... Rb8 15. Be2 Nxb6 16. Nc5 Nbd7 {½-½ (28) Volkov,S (2605)-Psakhis,L (2560) Elista 1998}) 15. Bxa6 Rxa6 16. O-O Nxb6 17. Nc5 {[%cal Ba4c5,Bc5b7,Bb7a5][%mdl 32]} Ra8 18. Nb7 Qe7 {[#] White must now prevent ...Rxa1.} 19. Na5 1/2-1/2